[Event "BI-2013-P-00008"]
[Site "LSS email"]
[Date "2013.04.22"]
[Round "?"]
[White "Reede, Arvo"]
[Black "Uitwaaien, Cagakan"]
[Result "1-0"]
[WhiteElo "1658"]
[BlackElo "1861"]
[PlyCount "21"]
[EventDate "2013.04.25"]
[EventType "tourn (corr)"]
[EventRounds "12"]
[EventCountry "GER"]
[SourceTitle "Corr 2015"]
[Source "ChessBase"]
[SourceDate "2015.07.17"]
[SourceVersion "1"]
[SourceVersionDate "2015.07.17"]
[SourceQuality "1"]

1. d4 d5 2. c4 e5 3. dxe5 d4 4. Nf3 Nc6 5. a3 Be6 6. Qb3 Na5 7. Qa4+ c6 8. e3 b5 9. cxb5 Bb3 10. Qxd4 Bc5 11. Qxd8+ 1-0